[Event "Labour Day op"]
[Site "Langley CAN"]
[Date "2007.09.01"]
[Round "1"]
[White "Vieira, Daniel"]
[Black "Cheng, Jack"]
[Result "0-1"]
[WhiteElo "1026"]
[BlackElo "1843"]
[PlyCount "75"]
[GameId "2160767910579655"]
[EventDate "2007.09.01"]
[EventType "swiss"]
[EventRounds "6"]
[EventCountry "CAN"]

1. Nf3 Nf6 2. c4 g6 3. d4 Bg7 4. Nc3 O-O 5. e4 d6 6. Be2 e5 7. dxe5 dxe5 8. O-O Nbd7 9. Bg5 h6 10. Bh4 c6 11. b4 Qe7 12. b5 Nc5 13. bxc6 bxc6 14. Nd2 Rd8 15. Qc1 g5 16. Bg3 Rb8 17. h4 g4 18. Rd1 Nh5 19. Qa3 Nxg3 20. fxg3 Bf8 21. Nb3 Rxd1+ 22. Rxd1 Nxb3 23. Qxe7 Bxe7 24. axb3 Rxb3 25. Rc1 Bc5+ 26. Kh2 Bd4 27. Na2 Rb2 28. Ra1 Rxe2 29. Rb1 Rxa2 30. Rb8 c5 31. Rxc8+ Kg7 32. h5 a5 33. Rc6 a4 34. Ra6 a3 35. Ra5 Rc2 36. Rxa3 Rxc4 37. Ra7 Rc3 38. Rc7 0-1

[Event "Labour Day op"]
[Site "Langley CAN"]
[Date "2007.09.01"]
[Round "2"]
[White "Cheng, Jack"]
[Black "Trochtchanovitch, Pavel"]
[Result "1-0"]
[WhiteElo "1843"]
[BlackElo "2021"]
[PlyCount "125"]
[GameId "2160767910579657"]
[EventDate "2007.09.01"]
[EventType "swiss"]
[EventRounds "6"]
[EventCountry "CAN"]

1. e4 e5 2. Nf3 Nc6 3. d4 exd4 4. Nxd4 Bc5 5. Be3 Qf6 6. c3 Nge7 7. Bc4 Ne5 8. Be2 d6 9. O-O a6 10. f4 N5g6 11. Kh1 h5 12. Qd2 d5 13. f5 Ne5 14. Bg5 Qd6 15. f6 gxf6 16. Bxf6 Rg8 17. Bxh5 N7g6 18. exd5 Bg4 19. Bxg4 Nxg4 20. Qe2+ N6e5 21. Bxe5 Nxe5 22. Re1 f6 23. Qh5+ Kd8 24. Ne6+ Kc8 25. Qh7 Re8 26. Qf5 Kb8 27. Nxc5 Qxc5 28. Qxf6 Ka7 29. Na3 Qxd5 30. Qf2+ b6 31. Qd4 Qe6 32. h3 Qf5 33. Rf1 Qh5 34. Rae1 Rad8 35. Qf4 Kb8 36. Qf5 Qh8 37. Qf6 Nd3 38. Qxh8 Rxh8 39. Re2 b5 40. Kh2 c5 41. b3 Rh6 42. Rd1 Rhd6 43. Red2 Kc7 44. g4 R8d7 45. c4 b4 46. Nc2 Re6 47. Kg3 Ne5 48. Rxd7+ Nxd7 49. Re1 Rd6 50. Re2 Nf8 51. Ne3 Rd3 52. Kg2 Ne6 53. Nd5+ Kd7 54. Rf2 Ng5 55. h4 Ne4 56. Nf6+ Nxf6 57. Rxf6 Rd2+ 58. Rf2 Rd3 59. g5 Re3 60. Kh2 Ke7 61. g6 Re6 62. g7 Rg6 63. Rg2 1-0

[Event "Labour Day op"]
[Site "Langley CAN"]
[Date "2007.09.01"]
[Round "2"]
[White "Davidson, Brian"]
[Black "Sabaratnam, Thiruvaran"]
[Result "1-0"]
[WhiteElo "1776"]
[BlackElo "1518"]
[PlyCount "83"]
[GameId "2160767910579658"]
[EventDate "2007.09.01"]
[EventType "swiss"]
[EventRounds "6"]
[EventCountry "CAN"]

1. d4 d5 2. Bg5 Nf6 3. Nd2 e6 4. e3 Be7 5. Ngf3 c6 6. Bd3 b6 7. O-O Bb7 8. Rc1 Nbd7 9. c4 O-O 10. h3 h6 11. Bf4 Rc8 12. a3 c5 13. cxd5 exd5 14. dxc5 bxc5 15. Bf5 Rc6 16. Qc2 Bd6 17. Bxd6 Rxd6 18. Rfd1 Re8 19. b4 cxb4 20. axb4 Rc6 21. Qb2 Qc7 22. Nd4 Rxc1 23. Rxc1 Qb8 24. N2b3 Ne5 25. Nc5 Nc4 26. Qa2 Nd6 27. Bd3 Nde4 28. Ndb3 Nxc5 29. Nxc5 Rc8 30. Ra1 Ba8 31. Rb1 Ne4 32. Bxe4 dxe4 33. Qb2 Qb5 34. Qd4 Qc6 35. Ra1 Rc7 36. Qd8+ Kh7 37. Ra6 Rc8 38. Rxc6 Rxd8 39. Rc7 Bd5 40. Rxa7 Rb8 41. Na6 Bc4 42. Nxb8 1-0

[Event "Labour Day op"]
[Site "Langley CAN"]
[Date "2007.09.01"]
[Round "2"]
[White "Gairdner, Dennis"]
[Black "Jose, Marionito"]
[Result "1/2-1/2"]
[WhiteElo "1514"]
[BlackElo "1767"]
[PlyCount "78"]
[GameId "2160767910579659"]
[EventDate "2007.09.01"]
[EventType "swiss"]
[EventRounds "6"]
[EventCountry "CAN"]

1. e4 c5 2. f4 d6 3. Nf3 Nc6 4. Bb5 e6 5. Nc3 Nge7 6. d3 a6 7. Bxc6+ Nxc6 8. O-O g6 9. Rb1 Bg7 10. Ne2 O-O 11. c3 Bd7 12. Be3 Qe7 13. Qd2 Rfe8 14. g4 f5 15. gxf5 exf5 16. Ng3 Rf8 17. Rbe1 Qd8 18. e5 dxe5 19. fxe5 Nxe5 20. Nxe5 Bxe5 21. Bxc5 Bxg3 22. hxg3 Rf7 23. Be3 Bc6 24. c4 Qd7 25. d4 Be4 26. Rd1 b5 27. c5 Bd5 28. b3 Re8 29. Bf4 Rfe7 30. Rfe1 Bf3 31. d5 Rxe1+ 32. Rxe1 Rxe1+ 33. Qxe1 Bxd5 34. Qc3 Bc6 35. Bd6 Qe6 36. Kf2 Qe4 37. Qf6 Qc2+ 38. Ke1 Qc1+ 39. Ke2 Qc2+ 1/2-1/2

[Event "Labour Day op"]
[Site "Langley CAN"]
[Date "2007.09.01"]
[Round "2"]
[White "Hamm, Robert"]
[Black "Vieira, Daniel"]
[Result "1-0"]
[WhiteElo "1681"]
[BlackElo "1026"]
[PlyCount "50"]
[GameId "2160767910579661"]
[EventDate "2007.09.01"]
[EventType "swiss"]
[EventRounds "6"]
[EventCountry "CAN"]

1. d4 Nf6 2. c4 e6 3. Nc3 Bb4 4. Nf3 O-O 5. e3 d5 6. a3 Bxc3+ 7. bxc3 Nc6 8. Bd3 Re8 9. O-O e5 10. dxe5 Nxe5 11. Nxe5 Rxe5 12. Qc2 Qd6 13. f4 Rh5 14. Be2 Bg4 15. Rd1 g5 16. Rxd5 Nxd5 17. Bxg4 Rh4 18. cxd5 Rxg4 19. c4 gxf4 20. exf4 Qc5+ 21. Kh1 Re8 22. Bb2 Qe7 23. Qc3 f6 24. h3 Rg7 25. Qxf6 Rf7 1-0

[Event "Labour Day op"]
[Site "Langley CAN"]
[Date "2007.09.01"]
[Round "2"]
[White "Han, Yifei"]
[Black "McLaren, Brian"]
[Result "0-1"]
[WhiteElo "1873"]
[BlackElo "2262"]
[PlyCount "72"]
[GameId "2160767910579662"]
[EventDate "2007.09.01"]
[EventType "swiss"]
[EventRounds "6"]
[EventCountry "CAN"]

1. e4 Nf6 2. e5 Nd5 3. c4 Nb6 4. d4 d6 5. f4 dxe5 6. fxe5 c5 7. dxc5 Qxd1+ 8. Kxd1 Na4 9. b4 a5 10. b5 Bf5 11. Na3 e6 12. b6 Bxc5 13. Nb5 Na6 14. Nd6+ Bxd6 15. exd6 O-O-O 16. Ba3 N4c5 17. Bxc5 Nxc5 18. Nf3 Rxd6+ 19. Ke1 Rxb6 20. Ne5 f6 21. Nf3 Rd8 22. Kf2 Rb2+ 23. Be2 e5 24. h3 Kb8 25. g4 Bd3 26. Rhe1 Bxc4 27. Kf1 Rxe2 28. Rxe2 h5 29. Rc1 Bxe2+ 30. Kxe2 b6 31. Nh4 hxg4 32. hxg4 Rd4 33. Rg1 Ne6 34. Nf5 Ra4 35. Rb1 Rxa2+ 36. Ke3 Kc7 0-1

[Event "Labour Day op"]
[Site "Langley CAN"]
[Date "2007.09.01"]
[Round "2"]
[White "Kyriakides, Savvas"]
[Black "Datcu-Romano, Anca"]
[Result "1-0"]
[WhiteElo "2012"]
[BlackElo "1843"]
[PlyCount "51"]
[GameId "2160767910579663"]
[EventDate "2007.09.01"]
[EventType "swiss"]
[EventRounds "6"]
[EventCountry "CAN"]

1. e4 c5 2. Nf3 d6 3. d4 cxd4 4. Nxd4 Nf6 5. Nc3 a6 6. Rg1 e6 7. g4 Nc6 8. g5 Nd7 9. Be3 Nde5 10. Qe2 b5 11. f4 Nxd4 12. Bxd4 Nc6 13. Bf2 Be7 14. Rg3 Bd7 15. h4 b4 16. Nd1 Qa5 17. Ne3 Nd4 18. Qd2 e5 19. Nc4 Qc7 20. Bxd4 exd4 21. Qxd4 O-O 22. Nb6 Ra7 23. Nd5 Qb7 24. Nxe7+ Kh8 25. h5 Re8 26. h6 1-0

[Event "Labour Day op"]
[Site "Langley CAN"]
[Date "2007.09.01"]
[Round "2"]
[White "Lai, Peter"]
[Black "Hoyer, Andrew"]
[Result "1/2-1/2"]
[WhiteElo "1566"]
[BlackElo "999"]
[PlyCount "25"]
[GameId "2160767910579664"]
[EventDate "2007.09.01"]
[EventType "swiss"]
[EventRounds "6"]
[EventCountry "CAN"]

1. d4 g6 2. c4 Bg7 3. Nc3 d6 4. Nf3 Nf6 5. e4 O-O 6. Bd3 Nbd7 7. Bc2 c5 8. d5 Ng4 9. O-O Nde5 10. Nd2 Nc6 11. Qe2 a6 12. h3 Rb8 13. Rb1 1/2-1/2

[Event "Labour Day op"]
[Site "Langley CAN"]
[Date "2007.09.01"]
[Round "2"]
[White "Li, Changhe"]
[Black "Zhao, Donovan"]
[Result "1-0"]
[WhiteElo "1801"]
[BlackElo "1529"]
[PlyCount "53"]
[GameId "2160767910579665"]
[EventDate "2007.09.01"]
[EventType "swiss"]
[EventRounds "6"]
[EventCountry "CAN"]

1. e4 d6 2. d4 Nf6 3. Nc3 g6 4. Be3 Bg7 5. f3 O-O 6. Bd3 c6 7. Nge2 b5 8. Qd2 Bb7 9. g4 a6 10. Ng3 Qc7 11. h4 Nbd7 12. h5 c5 13. Bh6 cxd4 14. Nce2 Nc5 15. Bxg7 Kxg7 16. hxg6 fxg6 17. Qh6+ Kf7 18. g5 Nxd3+ 19. cxd3 Ne8 20. Qxh7+ Ng7 21. Rh6 Qa5+ 22. Kf2 Rg8 23. Qxg6+ Kf8 24. Nh5 Nxh5 25. Qxh5 Bc6 26. Rh7 Be8 27. Qh6+ 1-0

[Event "Labour Day op"]
[Site "Langley CAN"]
[Date "2007.09.01"]
[Round "2"]
[White "Lohner, Jason"]
[Black "Cruz, Joshua"]
[Result "0-1"]
[WhiteElo "1396"]
[BlackElo "2004"]
[PlyCount "52"]
[GameId "2160767910579666"]
[EventDate "2007.09.01"]
[EventType "swiss"]
[EventRounds "6"]
[EventCountry "CAN"]

1. f4 d5 2. Nf3 c5 3. e3 Bf5 4. b3 Nc6 5. Bb2 e6 6. Nc3 Nf6 7. h3 Be7 8. d3 d4 9. exd4 cxd4 10. Ne2 O-O 11. a3 Bc5 12. Qd2 Rc8 13. O-O-O Qd6 14. b4 Nxb4 15. Nfxd4 Nxd3+ 16. cxd3 Bb4+ 17. Nc3 Bxc3 18. Bxc3 Qxd4 19. Kb2 Qb6+ 20. Ka2 Nd5 21. Rc1 Qc5 22. Kb2 Rc6 23. Bb4 Qd4+ 24. Bc3 Nxc3 25. Rxc3 Rfc8 26. Ka2 Rxc3 0-1

[Event "Labour Day op"]
[Site "Langley CAN"]
[Date "2007.09.01"]
[Round "2"]
[White "Long, Hugh"]
[Black "Parker, Dylan"]
[Result "0-1"]
[WhiteElo "1766"]
[BlackElo "1460"]
[PlyCount "76"]
[GameId "2160767910579667"]
[EventDate "2007.09.01"]
[EventType "swiss"]
[EventRounds "6"]
[EventCountry "CAN"]

1. d4 d5 2. c4 e6 3. Nf3 Nf6 4. Nc3 Nbd7 5. Bg5 Be7 6. e3 c6 7. Bd3 O-O 8. O-O Qc7 9. cxd5 exd5 10. Rc1 h6 11. Bh4 a6 12. Re1 Bd6 13. e4 dxe4 14. Nxe4 Nxe4 15. Bxe4 Qa5 16. Bb1 Bf4 17. Qd3 g6 18. Rc4 Qb5 19. Be7 Re8 20. Nh4 Qg5 21. g3 Rxe7 22. Rxe7 Qxe7 23. Nxg6 fxg6 24. Qxg6+ Qg7 25. Qe8+ Nf8 26. Qe4 Bc7 27. Rc3 Be6 28. Re3 Bd5 29. Qh4 Qg5 30. Qh3 h5 31. b3 Qg4 32. Qf1 Bf4 33. h3 Qg7 34. Rd3 h4 35. Kh2 hxg3+ 36. fxg3 Bd6 37. Qe2 Ng6 38. Re3 Rf8 0-1

[Event "Labour Day op"]
[Site "Langley CAN"]
[Date "2007.09.01"]
[Round "2"]
[White "Sohal, Tanraj"]
[Black "Leblanc, Paul"]
[Result "1/2-1/2"]
[WhiteElo "1801"]
[BlackElo "1943"]
[PlyCount "93"]
[GameId "2160767910579669"]
[EventDate "2007.09.01"]
[EventType "swiss"]
[EventRounds "6"]
[EventCountry "CAN"]

1. d4 d5 2. c4 c6 3. cxd5 cxd5 4. Bf4 Nc6 5. e3 Nf6 6. Nc3 a6 7. Nf3 e6 8. a3 Be7 9. Bd3 O-O 10. Qc2 Bd7 11. O-O Rc8 12. Rfc1 g6 13. h3 Re8 14. b4 b5 15. Qb2 Nh5 16. Bh2 f5 17. Ne5 Nf6 18. Ne2 Bf8 19. Rc3 Bg7 20. Rac1 Nxe5 21. Bxe5 Qb6 22. Rxc8 Rxc8 23. Rxc8+ Bxc8 24. Nc1 Nd7 25. Bxg7 Kxg7 26. Nb3 Qc6 27. Nc5 Nf6 28. Qc2 Kf7 29. f4 Kg7 30. Qe2 Qe8 31. Qc2 Qc6 32. Kf2 Kf7 33. Ke2 Kg7 34. a4 Ne4 35. Bxe4 dxe4 36. a5 h5 37. h4 Kf7 38. g3 Ke7 39. Kd2 Qc7 40. Qc3 Qc6 41. Nb3 Qxc3+ 42. Kxc3 Kd6 43. Nc5 Kd5 44. Nb3 Bd7 45. Nc5 Bc8 46. Nb3 Bd7 47. Nc5 1/2-1/2

[Event "Labour Day op"]
[Site "Langley CAN"]
[Date "2007.09.01"]
[Round "2"]
[White "Sullivan, Brian"]
[Black "Hoyer, Andrew"]
[Result "1-0"]
[WhiteElo "1671"]
[BlackElo "999"]
[PlyCount "45"]
[GameId "2160767910579670"]
[EventDate "2007.09.01"]
[EventType "swiss"]
[EventRounds "6"]
[EventCountry "CAN"]

1. e4 d6 2. d4 Nf6 3. Nc3 g6 4. Nf3 Bg7 5. h3 O-O 6. Be3 Nbd7 7. Qd2 e5 8. O-O-O Ne8 9. Bc4 Nb6 10. Bb3 Kh8 11. dxe5 Be6 12. exd6 Bxb3 13. axb3 Nxd6 14. Bc5 Re8 15. Kb1 Nbc8 16. e5 Bxe5 17. Nxe5 Rxe5 18. Bd4 Qe8 19. f4 f6 20. fxe5 fxe5 21. Rhe1 Nf7 22. Bxe5+ Nxe5 23. Qd5 1-0

[Event "Labour Day op"]
[Site "Langley CAN"]
[Date "2007.09.01"]
[Round "2"]
[White "Yee, Peter"]
[Black "Patterson, Roger"]
[Result "0-1"]
[WhiteElo "1845"]
[BlackElo "2254"]
[PlyCount "28"]
[GameId "2160767910579671"]
[EventDate "2007.09.01"]
[EventType "swiss"]
[EventRounds "6"]
[EventCountry "CAN"]

1. d4 Nf6 2. c4 e6 3. Nc3 Bb4 4. Qc2 O-O 5. a3 Bxc3+ 6. Qxc3 b6 7. Nf3 Bb7 8. Bg5 d6 9. Nd2 Nbd7 10. f3 d5 11. b3 Re8 12. f4 c5 13. dxc5 Qc7 14. Rc1 bxc5 0-1

[Event "Labour Day op"]
[Site "Langley CAN"]
[Date "2007.09.02"]
[Round "2"]
[White "Burke, Paul"]
[Black "Datcu-Romano, Alex"]
[Result "1-0"]
[WhiteElo "2041"]
[BlackElo "419"]
[PlyCount "49"]
[GameId "2160767910579672"]
[EventDate "2007.09.01"]
[EventType "swiss"]
[EventRounds "6"]
[EventCountry "CAN"]

1. e4 c5 2. Nc3 e6 3. f4 Nc6 4. Nf3 Nf6 5. e5 Ng4 6. h3 Nh6 7. g4 Be7 8. Bd3 Bh4+ 9. Kf1 b6 10. g5 Bg3 11. Ne2 Nf5 12. Bxf5 exf5 13. Nxg3 Ne7 14. d3 O-O 15. h4 Bb7 16. Rh2 a5 17. h5 g6 18. c4 Ra7 19. b3 Qa8 20. Nh4 gxh5 21. Qxh5 Re8 22. Ngxf5 Nxf5 23. Nxf5 Bf3 24. Qxh7+ Kf8 25. Qh8# 1-0

[Event "Labour Day op"]
[Site "Langley CAN"]
[Date "2007.09.02"]
[Round "3"]
[White "Burke, Paul"]
[Black "Sohal, Tanraj"]
[Result "1-0"]
[WhiteElo "2041"]
[BlackElo "1801"]
[PlyCount "49"]
[GameId "2160767910579673"]
[EventDate "2007.09.01"]
[EventType "swiss"]
[EventRounds "6"]
[EventCountry "CAN"]

1. e4 c5 2. d4 cxd4 3. c3 dxc3 4. Nxc3 d6 5. Nf3 g6 6. Bc4 Bg7 7. O-O Nc6 8. Be3 Nf6 9. h3 O-O 10. Qd2 a6 11. Rac1 Na5 12. Be2 b5 13. e5 Nd7 14. exd6 exd6 15. Qxd6 Qf6 16. Qc7 Qd8 17. Qd6 Qf6 18. Qd2 Nb7 19. Nd5 Qxb2 20. Ne7+ Kh8 21. Rc2 Qa3 22. Nxc8 Raxc8 23. Rxc8 Rxc8 24. Qxd7 Qd6 25. Qxc8+ 1-0

[Event "Labour Day op"]
[Site "Langley CAN"]
[Date "2007.09.02"]
[Round "3"]
[White "Datcu-Romano, Anca"]
[Black "Gairdner, Dennis"]
[Result "0-1"]
[WhiteElo "1843"]
[BlackElo "1514"]
[PlyCount "79"]
[GameId "2160767910579674"]
[EventDate "2007.09.01"]
[EventType "swiss"]
[EventRounds "6"]
[EventCountry "CAN"]

1. e4 c5 2. Nf3 d6 3. d4 cxd4 4. Nxd4 Nf6 5. Nc3 g6 6. Be3 Bg7 7. Bd3 Nc6 8. O-O O-O 9. f4 Ng4 10. Nxc6 bxc6 11. Qf3 Nxe3 12. Qxe3 Qa5 13. Nd1 Rb8 14. Qc1 Bd7 15. a3 Bxb2 16. Nxb2 Qb6+ 17. Rf2 Qxb2 18. Qxb2 Rxb2 19. c4 Rfb8 20. Rxb2 Rxb2 21. Rb1 Rxb1+ 22. Bxb1 Kf8 23. f5 e6 24. g4 Ke7 25. Kf2 Kf6 26. Kf3 gxf5 27. gxf5 exf5 28. exf5 Bxf5 29. Bxf5 Kxf5 30. Ke3 Ke5 31. Kd3 Kf4 32. Kd4 h5 33. c5 dxc5+ 34. Kxc5 Ke4 35. a4 f5 36. a5 f4 37. Kxc6 f3 38. a6 f2 39. Kb7 f1=Q 40. Kxa7 0-1

[Event "Labour Day op"]
[Site "Langley CAN"]
[Date "2007.09.02"]
[Round "3"]
[White "Han, Yiming"]
[Black "Sullivan, Brian"]
[Result "1-0"]
[WhiteElo "1927"]
[BlackElo "1671"]
[PlyCount "71"]
[GameId "2160767910579675"]
[EventDate "2007.09.01"]
[EventType "swiss"]
[EventRounds "6"]
[EventCountry "CAN"]

1. e4 c5 2. Nf3 d6 3. d4 cxd4 4. Nxd4 Nf6 5. Nc3 a6 6. Be3 Ng4 7. Bg5 h6 8. Bh4 g5 9. Bg3 Bg7 10. Qd2 Nc6 11. Nb3 Be6 12. f3 Nge5 13. h4 g4 14. f4 Nc4 15. Bxc4 Bxc4 16. Bf2 b5 17. Nd4 Nxd4 18. Bxd4 e5 19. Be3 exf4 20. Bxf4 Be5 21. O-O-O Qc7 22. Bxh6 b4 23. Nd5 Bxd5 24. exd5 Rc8 25. Bg5 Qc4 26. Kb1 a5 27. Qd3 Qc7 28. Rc1 Rg8 29. Rhe1 a4 30. Qb5+ Kf8 31. Bh6+ Bg7 32. Bxg7+ Kxg7 33. Qxb4 f5 34. Qd4+ Kf7 35. Re6 Qd8 36. Qf4 1-0

[Event "Labour Day op"]
[Site "Langley CAN"]
[Date "2007.09.02"]
[Round "3"]
[White "Hoyer, Andrew"]
[Black "Long, Hugh"]
[Result "0-1"]
[WhiteElo "999"]
[BlackElo "1766"]
[PlyCount "62"]
[GameId "2160767910579676"]
[EventDate "2007.09.01"]
[EventType "swiss"]
[EventRounds "6"]
[EventCountry "CAN"]

1. e4 e6 2. e5 d5 3. exd6 cxd6 4. d4 d5 5. Nf3 Nf6 6. Bg5 Be7 7. Bd3 Nc6 8. Nc3 h6 9. Bh4 Bd7 10. Qd2 Rc8 11. a3 O-O 12. Bg3 a6 13. O-O Nh5 14. Ne2 Nxg3 15. hxg3 Bf6 16. c3 Re8 17. Rfe1 e5 18. Bc2 e4 19. Nh2 Qc7 20. Nf4 Qd6 21. Bb3 Bg5 22. f3 Ne7 23. fxe4 dxe4 24. Rxe4 Ng6 25. Rxe8+ Rxe8 26. Rf1 Be6 27. Bc2 Bc4 28. Rf2 Nxf4 29. gxf4 Bh4 30. Nf1 Bxf2+ 31. Qxf2 Re2 0-1

[Event "Labour Day op"]
[Site "Langley CAN"]
[Date "2007.09.02"]
[Round "3"]
[White "Leblanc, Paul"]
[Black "Li, Changhe"]
[Result "1/2-1/2"]
[WhiteElo "1943"]
[BlackElo "1801"]
[PlyCount "75"]
[GameId "2160767910579677"]
[EventDate "2007.09.01"]
[EventType "swiss"]
[EventRounds "6"]
[EventCountry "CAN"]

1. d4 d5 2. g3 Nf6 3. Bg2 c6 4. Nf3 Bf5 5. O-O e6 6. c4 dxc4 7. Ne5 Nbd7 8. Nxc4 Nb6 9. Ne5 Be7 10. Nc3 Nbd5 11. a3 O-O 12. Re1 Nxc3 13. bxc3 Ne4 14. Qb3 Qb6 15. Qxb6 axb6 16. Bxe4 Bxe4 17. Nd7 Rfd8 18. Nxb6 Ra6 19. Nc4 Rda8 20. Nd2 Bg6 21. Nc4 b5 22. Ne5 f6 23. Nxg6 hxg6 24. e3 Bxa3 25. Bxa3 Rxa3 26. Rxa3 Rxa3 27. Rc1 Kf8 28. Rc2 Ke7 29. Kf1 Kd6 30. Ke2 f5 31. f3 c5 32. Kd2 Kd5 33. Kd3 c4+ 34. Kd2 Ra1 35. Rc1 Ra2+ 36. Rc2 Ra1 37. Rc1 Ra2+ 38. Rc2 1/2-1/2

[Event "Labour Day op"]
[Site "Langley CAN"]
[Date "2007.09.02"]
[Round "3"]
[White "Li, Changhe"]
[Black "Burke, Paul"]
[Result "0-1"]
[WhiteElo "1801"]
[BlackElo "2041"]
[PlyCount "94"]
[GameId "2160767910579679"]
[EventDate "2007.09.01"]
[EventType "swiss"]
[EventRounds "6"]
[EventCountry "CAN"]

1. e4 c5 2. Nf3 Nc6 3. d4 cxd4 4. Nxd4 Nf6 5. Nc3 e5 6. Ndb5 d6 7. Bg5 a6 8. Na3 b5 9. Nd5 Be7 10. Bxf6 Bxf6 11. c3 Bg5 12. Nc2 O-O 13. a4 Rb8 14. axb5 axb5 15. Bd3 Be6 16. Nce3 Bxe3 17. Nxe3 b4 18. O-O Na5 19. cxb4 Rxb4 20. Qd2 Nc6 21. Ra6 Rb6 22. Rfa1 Nd4 23. Rxb6 Qxb6 24. Ra6 Qc7 25. b4 Rb8 26. Nd5 Bxd5 27. exd5 g6 28. h3 f5 29. f3 Rb6 30. Rxb6 Qxb6 31. Kh2 f4 32. Qc3 Nxf3+ 33. gxf3 Qf2+ 34. Kh1 Qxf3+ 35. Kg1 Qg3+ 36. Kf1 Qxh3+ 37. Kg1 e4 38. b5 f3 39. Qb2 e3 40. Qh2 f2+ 41. Kh1 Qf3+ 42. Qg2 Qh5+ 43. Qh2 Qd1+ 44. Kg2 Qxd3 45. Qf4 Qxd5+ 46. Kh2 Qxb5 47. Qf6 f1=Q 0-1

[Event "Labour Day op"]
[Site "Langley CAN"]
[Date "2007.09.02"]
[Round "3"]
[White "McLaren, Brian"]
[Black "Cheng, Jack"]
[Result "1-0"]
[WhiteElo "2262"]
[BlackElo "1843"]
[PlyCount "124"]
[GameId "2160767910579680"]
[EventDate "2007.09.01"]
[EventType "swiss"]
[EventRounds "6"]
[EventCountry "CAN"]

1. e4 e5 2. Bc4 Nf6 3. Qe2 Nc6 4. c3 Be7 5. d3 O-O 6. Nf3 d6 7. Nbd2 Na5 8. Bb5 a6 9. Ba4 b5 10. Bc2 c5 11. h3 Nc6 12. Nf1 Re8 13. g4 Bf8 14. Ng3 g6 15. Nh2 Bg7 16. O-O Nd7 17. Be3 Nb6 18. Kg2 Be6 19. Nf3 h6 20. Rfd1 Qe7 21. d4 cxd4 22. cxd4 exd4 23. Nxd4 Nxd4 24. Bxd4 Bxd4 25. Rxd4 Kh7 26. f4 Rad8 27. b3 d5 28. e5 Bc8 29. Qd3 Bb7 30. Re1 Nd7 31. b4 Rc8 32. Bb3 Nb6 33. Nh5 Red8 34. Nf6+ Kg7 35. f5 Nc4 36. Nh5+ Kh7 37. fxg6+ fxg6 38. Bc2 Rc6 39. Nf6+ Rxf6 40. exf6 Qxf6 41. Qxg6+ Qxg6 42. Re7+ Kg8 43. Bxg6 Bc6 44. h4 Rd6 45. Bf5 Rf6 46. Kg3 Na3 47. Re6 Kg7 48. Rxf6 Kxf6 49. Kf4 Nc4 50. g5+ hxg5+ 51. hxg5+ Kg7 52. Be6 Nb6 53. Kf5 Bb7 54. g6 Nc4 55. Bxd5 Ne3+ 56. Ke5 Nxd5 57. Rxd5 Kxg6 58. Rd7 Bc8 59. Rc7 Bf5 60. Rc6+ Kg5 61. Rxa6 Bd7 62. Kd4 Kf5 1-0

[Event "Labour Day op"]
[Site "Langley CAN"]
[Date "2007.09.02"]
[Round "3"]
[White "Parker, Dylan"]
[Black "Yee, Peter"]
[Result "0-1"]
[WhiteElo "1460"]
[BlackElo "1845"]
[PlyCount "106"]
[GameId "2160767910579681"]
[EventDate "2007.09.01"]
[EventType "swiss"]
[EventRounds "6"]
[EventCountry "CAN"]

1. e4 d6 2. d4 g6 3. Nc3 Bg7 4. f4 Nf6 5. Nf3 O-O 6. Be3 Ng4 7. Qd2 c6 8. h3 Nxe3 9. Qxe3 Nd7 10. Bd3 e5 11. dxe5 dxe5 12. f5 Qb6 13. Qxb6 axb6 14. O-O-O b5 15. Kb1 b6 16. h4 Nc5 17. g4 f6 18. h5 gxh5 19. gxh5 Bh6 20. Rhg1+ Kf7 21. Rg4 Rg8 22. Rxg8 Kxg8 23. Nh2 Kf7 24. Ng4 Bg5 25. Rg1 b4 26. Ne2 Ba6 27. Bxa6 Rxa6 28. Nxe5+ fxe5 29. Rxg5 Nxe4 30. Rg4 Nf6 31. Rxb4 Nxh5 32. Rh4 Nf6 33. Ng3 Ra5 34. c4 Ra8 35. Kc2 Rxa2 36. Nh5 Nxh5 37. Rxh5 Kf6 38. Rh6+ Kxf5 39. Rxc6 e4 40. Rxb6 Ra8 41. Rb7 h5 42. Rh7 Kg4 43. Re7 Kf4 44. Rh7 Rd8 45. c5 e3 46. Rf7+ Kg3 47. c6 e2 48. c7 Re8 49. Re7 Rxe7 50. c8=Q e1=Q 51. Qg8+ Kh4 52. Qc4+ Qe4+ 53. Qxe4+ Rxe4 0-1

[Event "Labour Day op"]
[Site "Langley CAN"]
[Date "2007.09.02"]
[Round "3"]
[White "Paulson, Stewart"]
[Black "Han, Yifei"]
[Result "0-1"]
[WhiteElo "1614"]
[BlackElo "1873"]
[PlyCount "27"]
[GameId "2160767910579683"]
[EventDate "2007.09.01"]
[EventType "swiss"]
[EventRounds "6"]
[EventCountry "CAN"]

1. d4 d5 2. Nf3 e6 3. e3 Nf6 4. Nbd2 Be7 5. c4 O-O 6. Ne5 b6 7. a3 c5 8. Ndf3 Bb7 9. Be2 Nfd7 10. O-O h6 11. h3 a6 12. b3 Qc7 13. Bb2 Nxe5 14. dxe5 0-1

[Event "Labour Day op"]
[Site "Langley CAN"]
[Date "2007.09.02"]
[Round "3"]
[White "Trochtchanovitch, Pavel"]
[Black "Davidson, Brian"]
[Result "1-0"]
[WhiteElo "2021"]
[BlackElo "1776"]
[PlyCount "89"]
[GameId "2160767910579684"]
[EventDate "2007.09.01"]
[EventType "swiss"]
[EventRounds "6"]
[EventCountry "CAN"]

1. e4 c5 2. Nf3 d6 3. d4 cxd4 4. Nxd4 Nf6 5. Nc3 a6 6. Bg5 e5 7. Nb3 Be7 8. Qd2 h6 9. Be3 Be6 10. O-O-O Ng4 11. Kb1 Nxe3 12. Qxe3 Nc6 13. f4 Bxb3 14. cxb3 Nd4 15. Ne2 Nc6 16. Nc3 Rc8 17. Bc4 O-O 18. Bd5 exf4 19. Qxf4 Qc7 20. Rhf1 Ne5 21. Qd2 Bg5 22. Qe2 Qd7 23. g3 Rc7 24. h4 Bf6 25. b4 Rfc8 26. Bb3 Qg4 27. Qxg4 Nxg4 28. Nd5 Rc6 29. Rf4 Ne5 30. Nxf6+ gxf6 31. Rxf6 Nd3 32. a3 Rc1+ 33. Rxc1 Rxc1+ 34. Ka2 Rg1 35. Bc4 Nc1+ 36. Kb1 Nd3+ 37. Kc2 Ne5 38. Bd5 Rg2+ 39. Kb1 Rg1+ 40. Ka2 Nd3 41. Rxf7 Kh8 42. Rf6 Nc1+ 43. Kb1 Nd3+ 44. Kc2 Kg7 45. Rf7+ 1-0

[Event "Labour Day op"]
[Site "Langley CAN"]
[Date "2007.09.02"]
[Round "3"]
[White "Zhao, Donovan"]
[Black "Landingin, Jofrei"]
[Result "0-1"]
[WhiteElo "1529"]
[BlackElo "1872"]
[PlyCount "92"]
[GameId "2160767910579686"]
[EventDate "2007.09.01"]
[EventType "swiss"]
[EventRounds "6"]
[EventCountry "CAN"]

1. e4 e5 2. Nf3 Nc6 3. Bc4 Bc5 4. c3 a6 5. d4 exd4 6. cxd4 Ba7 7. Bg5 f6 8. Bxg8 Rxg8 9. Be3 d6 10. h3 g5 11. Nbd2 b5 12. Qc2 Bb7 13. e5 Rg7 14. exf6 Qxf6 15. Ne4 Qg6 16. O-O-O h6 17. Rhe1 O-O-O 18. a3 Ne7 19. Ned2 Kb8 20. Qxg6 Nxg6 21. g3 Rf7 22. Nh2 Ne7 23. Ng4 Nf5 24. Rg1 h5 25. Bxg5 Rg8 26. Nh6 Nxh6 27. Bxh6 Rxf2 28. Be3 Re2 29. Nf1 Bg2 30. Bf4 Bxh3 31. Rh1 Bg4 32. Rd2 Rxd2 33. Kxd2 Bxd4 34. Kc2 Re8 35. Rh2 Bf5+ 36. Kb3 Bg4 37. Rd2 Be5 38. Bxe5 Rxe5 39. Ka2 Kb7 40. Nh2 Re3 41. Nxg4 hxg4 42. Rg2 Kc6 43. Kb1 Kd5 44. Kc2 Ke4 45. Kd2 Kf3 46. Rg1 Re2+ 0-1